How to be an effective supervisor : (Record no. 54157)

MARC details
000 -LEADER
fixed length control field 01028nam a22002777a 4500
005 - DATE AND TIME OF LATEST TRANSACTION
control field 20110721115933.0
008 - FIXED-LENGTH DATA ELEMENTS--GENERAL INFORMATION
fixed length control field 110721t xxu||||| |||| 00| 0 eng d
010 ## - LCCN (DPL NO)
LC control number ENG-103084
020 ## - INTERNATIONAL STANDARD BOOK NUMBER
International Standard Book Number 9780071331739
Terms of availability 350.00
020 ## - INTERNATIONAL STANDARD BOOK NUMBER
International Standard Book Number 0071331735
Terms of availability 350.00
035 ## - SYSTEM CONTROL NUMBER
System control number EN-86617
037 ## - SOURCE OF ACQUISITION
Source of stock number/acquisition DBAD/PUB
040 ## - CATALOGING SOURCE
Original cataloging agency DPL
Language of cataloging Eng
082 ## - DEWEY DECIMAL CLASSIFICATION NUMBER
Classification number 378.1940941
100 ## - MAIN ENTRY--PERSONAL NAME
9 (RLIN) 29762
Personal name Eley, Andrian
245 ## - TITLE STATEMENT
Title How to be an effective supervisor :
Statement of responsibility, etc by Andrian Eley [and] Rowena Murray
Remainder of title best practice in research student supervision /
260 ## - PUBLICATION, DISTRIBUTION, ETC. (IMPRINT)
Place of publication, distribution, etc New Delhi
Name of publisher, distributor, etc Tata McGraw Hill
Date of publication, distribution, etc 2011
270 ## - ADDRESS
Address 7, West Petel Nagar
City New Delhi
Postal code 110008
300 ## - PHYSICAL DESCRIPTION
Extent xvi,225p.
Dimensions 23cm (pbk)
500 ## - GENERAL NOTE
General note Includes bibliographical references and index
610 ## - SUBJECT ADDED ENTRY--CORPORATE NAME
9 (RLIN) 29771
650 ## - SUBJECT ADDED ENTRY--TOPICAL TERM
9 (RLIN) 29772
700 ## - ADDED ENTRY--PERSONAL NAME
9 (RLIN) 29763
Personal name Murray, Rowena
942 ## - ADDED ENTRY ELEMENTS (KOHA)
Source of classification or shelving scheme Dewey Decimal Classification
Item type English Books
Call number suffix ELE
Classification part 378.1940941
Holdings
Withdrawn status Lost status Source of classification or shelving scheme Damaged status Not for loan Collection code Home library Current library Date acquired Source of acquisition Cost, normal purchase price Total Checkouts Full call number Barcode Date last seen Copy number Cost, replacement price Koha item type
    Dewey Decimal Classification   Not For Loan Non-fiction D.B.Act.Division D.B.Act.Division 21/07/2011 DBAD/PUB 350.00   378.1940941 ELE EN-86617 21/07/2011 1 350.00 English Books

© Delhi Public Library
Hit Counter
free hit counter